Figure Out the Disney Lyrics XV Quiz Stats

 Plays Quiz Updated Mar 16, 2016

Challenge
Share
Tweet
Embed
Score 0/99 Timer 10:00
20 Plays Today
% Correct
a
96.9%
a
96.9%
a
96.9%
a
96.9%
a
96.9%
the
94.6%
the
94.6%
The
94.6%
you
86.7%
you
86.7%
you
86.7%
you
86.7%
and
78.4%
be
77.3%
is
76.6%
is
76.6%
To
70.2%
to
70.2%
to
70.2%
to
70.2%
no
63%
she
61.9%
She
61.9%
for
56.3%
for
56.3%
If
56.2%
of
55.6%
will
54.6%
her
54.3%
her
54.3%
see
53.1%
At
41.9%
This
40.3%
% Correct
This
40.3%
like
39.6%
time
38.2%
has
38.1%
up
37.2%
was
37.1%
But
35.7%
Look
35.4%
from
34.9%
out
34.5%
De
30.4%
De
30.4%
De
30.4%
De
30.4%
thing
29.7%
She's
28.9%
world
28.4%
doesn't
27.6%
never
26.6%
seen
26.6%
Vil
25.9%
Vil
25.9%
Vil
25.9%
Vil
25.9%
Cruella
25.9%
Cruella
25.9%
Cruella
25.9%
Cruella
25.9%
Cruella
25.9%
Cruella
25.9%
Cruella
25.9%
take
25.6%
come
25.6%
% Correct
Cruella
25.1%
first
24.3%
evil
24.2%
think
24%
scare
23.9%
You've
19.9%
away
19.7%
place
19.1%
eyes
19%
after
18.9%
chill
18.7%
sudden
17.7%
devil
16.7%
kill
16.6%
underneath
16.5%
kind
15.4%
rock
14.7%
beast
14.3%
waiting
14.2%
realize
14.1%
such
13.8%
until
13.6%
spider
13.2%
watching
13%
locked
12.3%
ought
12.1%
bat
12%
released
11.9%
shock
11.8%
wholesome
11.8%
worn
11.7%
vampire
11.3%
inhuman
11%

You're not logged in!

Compare scores with friends on all Sporcle quizzes.
Join for Free
OR
Log In

You Might Also Like...

Show Comments

Extras

Top Quizzes Today


Score Distribution

Your Account Isn't Verified!

In order to create a playlist on Sporcle, you need to verify the email address you used during registration. Go to your Sporcle Settings to finish the process.

Report this User

Report this user for behavior that violates our Community Guidelines.

Details: